Every NFL Teams All-Time Leader in Return Yards - Statistics

General Stats
  • This quiz has been taken 5 times
  • The average score is 6 of 32
Answer Stats
Team Yards Player % Correct
WAS 13,062 Brian Mitchell
75%
KAN 10,526 Dante Hall
75%
CHI 8,745 Devin Hester
75%
CLE 12,169 Josh Cribbs
75%
LAR 3,918 Ron Brown
50%
PHI 4,997 Timmy Brown
50%
MIA 4,988 Wes Welker
50%
LVR 5,295 Chris Carr
25%
TEN 5,086 Derrick Mason
25%
SFF 5,920 Dexter Carter
25%
BAL 5,883 Jermaine Lewis
25%
NEP 5,041 Kevin Faulk
25%
NOS 7,385 Michael L. Lewis
25%
PIT 7,256 Rod Woodson
25%
ATL 7,212 Allen Rossum
0%
CIN 4,928 Brandon Tate
0%
NYJ 7,191 Bruce Harper
0%
LAC 7,404 Darren Sproles
0%
NYG 5,219 Dave Meggett
0%
MIN 4,884 David Palmer
0%
HOU 3,310 Jacoby Jones
0%
TBB 3,506 Karl Williams
0%
DAL 4,329 Kevin Williams
0%
SEA 4,398 Leon Washington
0%
DET 6,905 Mel Gray
0%
CAR 6,026 Michael Bates
0%
JAX 3,215 Reggie Barlow
0%
DEN 5,363 Rick Upchurch
0%
GBP 4,693 Steve Odom
0%
BUF 5,450 Terrence McGee
0%
IND 5,082 Terrrence Wilkins
0%
ARI 5,653 Vai Sikahema
0%
No matching quizzes found
Score Distribution
Percent of People with Each Score
Percentile by Number Answered
Your Score History
You have not taken this quiz